To find a way home / (Record no. 1719)

MARC details
000 -LEADER
fixed length control field 01256cam a2200385 a 4500
001 - CONTROL NUMBER
control field data
005 - DATE AND TIME OF LATEST TRANSACTION
control field 20260322212114.0
008 - FIXED-LENGTH DATA ELEMENTS--GENERAL INFORMATION
fixed length control field data
035 ## - SYSTEM CONTROL NUMBER
System control number 1582347
010 ## - LIBRARY OF CONGRESS CONTROL NUMBER
LC control number 93085304
020 ## - INTERNATIONAL STANDARD BOOK NUMBER
International Standard Book Number 0963195727
020 ## - INTERNATIONAL STANDARD BOOK NUMBER
International Standard Book Number 9780963195722
035 ## - SYSTEM CONTROL NUMBER
-- (DLC) 93085304
040 ## - CATALOGING SOURCE
Original cataloging agency DLC
Transcribing agency DLC
Modifying agency DLC
042 ## - AUTHENTICATION CODE
Authentication code lcac
050 00 - LIBRARY OF CONGRESS CALL NUMBER
Classification number PZ10.3.M29695
Item number To 1993
082 00 - DEWEY DECIMAL CLASSIFICATION NUMBER
Classification number [Fic]
Edition information 20
100 1# - MAIN ENTRY--PERSONAL NAME
Personal name Malone, P. M.
245 10 - TITLE STATEMENT
Title To find a way home /
Statement of responsibility, etc. by P.M. Malone ; illustrated by Terry Lewison.
260 ## - PUBLICATION, DISTRIBUTION, ETC.
Place of publication, distribution, etc. [Willmar, MN] :
Name of publisher, distributor, etc. Raspberry Hill,
Date of publication, distribution, etc. [c1993]
300 ## - PHYSICAL DESCRIPTION
Extent xvi, 191 p. :
Other physical details ill., map ;
Dimensions 22 cm.
336 ## - CONTENT TYPE
Content type term text
Content type code txt
Source rdacontent
337 ## - MEDIA TYPE
Media type term unmediated
Media type code n
Source rdamedia
338 ## - CARRIER TYPE
Carrier type term volume
Carrier type code nc
Source rdacarrier
440 #0 - SERIES STATEMENT/ADDED ENTRY--TITLE
Title Deep woods adventure ;
Volume/sequential designation bk. 3
650 #0 - SUBJECT ADDED ENTRY--TOPICAL TERM
Topical term or geographic name entry element Animals
General subdivision Juvenile fiction.
650 #1 - SUBJECT ADDED ENTRY--TOPICAL TERM
Topical term or geographic name entry element Animals
General subdivision Fiction.
700 1# - ADDED ENTRY--PERSONAL NAME
Personal name Lewison, Terry,
Relator term ill.
710 2# - ADDED ENTRY--CORPORATE NAME
Corporate name or jurisdiction name as entry element Raspberry Hill, Ltd. (Willmar, Minn.)
906 ## - LOCAL DATA ELEMENT F, LDF (RLIN)
a 7
b cbc
c orignew
d 2
e opcn
f 19
g y-gencatlg
922 ## -
-- co
991 ## -
-- c-GenColl
-- PZ10.3.M29695
-- To 1993
-- 00019079594
-- Copy 1
-- BOOKS
Holdings
Withdrawn status Lost status Damaged status Not for loan Home library Current library Shelving location Date acquired Total checkouts Full call number Barcode Date last seen Price effective from Koha item type
        Fairview Fairview General stacks 22/03/2026   [Fic] LOC-FPL-00004 22/03/2026 22/03/2026 Books